Statistics for 10 most successful football teams

Click here to take the quiz!

General Stats

  • This quiz has been taken 32 times
  • The average score is 6 of 9

Answer Stats

number of TrophiesAnswer% Correct
79Real Madrid
94%
81F.C Barcelona
90%
64Manchester United
90%
63Liverpool
74%
96Glasgow Celtic
61%
117Glasgow Rangers
61%
70Ajax Amsterdam
58%
74F.C Porto
35%
72S.L Benfica
0%

Score Distribution

Percentile by Number Answered

Percent of People with Each Score

Your Score History

You have not taken this quiz